Statistics for Twenty One Pilots Quiz

Click here to take the quiz!

General Stats

  • This quiz has been taken 1,210 times
  • The average score is 14 of 15

Answer Stats

HintAnswer% Correct
RideBlurryface
100%
Car RadioRegional At Best/Vessel
100%
GonerBlurryface
98%
TreesRegional At Best/Vessel
98%
Message ManBlurryface
97%
Johnny BoyTwenty One Pilots
97%
ScreenVessel
97%
Fake You OutVessel
96%
Friend, PleaseTwenty One Pilots
95%
TrapdoorTwenty One Pilots
95%
SlowtownRegional At Best
94%
RubyRegional At Best
94%
ForestRegional At Best
94%
Before You Start Your DayTwenty One Pilots
94%
Be ConcernedRegional At Best
93%

Score Distribution

Percentile by Number Answered

Percent of People with Each Score

Your Score History

You have not taken this quiz